000 00677nam a22002297a 4500
003 OSt
005 20150618193427.0
008 150618b xxu||||| |||| 00| 0 eng d
020 _a9781451189193
040 _cDNLM
082 _aQY25 B54c 2013
100 _aBishop, Michael
_95446
245 _aClinical chemistry:
_bPrinciples, Techniques, and Correlations
250 _a7th ed.
260 _aPhiladelphia;
_bWolters kluwer
_c2013
300 _axxv, 754p;
_bcol.ill:
_c28cm
504 _aReferences, & index included
650 _aClinical chemistry
_9428
650 _aClinical pathology
_91928
700 _aFody, Edwards ; Schoeff, Larry E.
_95447
942 _2z
_cO_SHELF
999 _c2103
_d2103